000 00718nam a2200229Ia 4500
003 OSt
005 20220923220731.0
006 a|||||r|||| 00| 0
007 ta
008 220922b |||||||| |||| 00| 0 hin d
024 _a189,753
037 _cTextual
040 _aARTS
_cARTS
_bhin
041 _2hin
_ahin
082 _aO152,2N36,1, l7
100 _aगिरिराज किशोर
_9156369
245 0 _aप्रज्ञा ही रहने दो
246 _aPrajnyā hī rahane do
260 _aदिल्ली
_b नेशनल पब्लि0 हा0
_c1977
942 _hO152,2N36,1, l7
_cTEXL
_2CC
999 _c342580
_d342580